changing lives of farmers (Record no. 587350)
[ view plain ]
| 000 -LEADER | |
|---|---|
| fixed length control field | 00341nam a22001457a 4500 |
| 020 ## - INTERNATIONAL STANDARD BOOK NUMBER | |
| International Standard Book Number | 9787546174273 |
| 040 ## - CATALOGING SOURCE | |
| Transcribing agency | NUST |
| 082 ## - DEWEY DECIMAL CLASSIFICATION NUMBER | |
| Classification number | 301.4519 |
| Author Mark | DIJ |
| 100 ## - MAIN ENTRY--PERSONAL NAME | |
| Personal name | DiJun Fan |
| 9 (RLIN) | 86503 |
| 245 ## - TITLE STATEMENT | |
| Title | changing lives of farmers |
| Statement of responsibility, etc. | DiJun Fan |
| 260 ## - PUBLICATION, DISTRIBUTION, ETC. | |
| Place of publication, distribution, etc. | China Huang shan |
| Name of publisher, distributor, etc. | China |
| Date of publication, distribution, etc. | 2018 |
| 300 ## - PHYSICAL DESCRIPTION | |
| Extent | ill,293,P |
| 942 ## - ADDED ENTRY ELEMENTS (KOHA) | |
| Source of classification or shelving scheme | |
| Koha item type | Book |
| Withdrawn status | Lost status | Source of classification or shelving scheme | Damaged status | Not for loan | Permanent Location | Current Location | Shelving location | Date acquired | Total Checkouts | Full call number | Barcode | Date last seen | Price effective from | Koha item type |
|---|---|---|---|---|---|---|---|---|---|---|---|---|---|---|
| School of Mechanical & Manufacturing Engineering (SMME) | School of Mechanical & Manufacturing Engineering (SMME) | General Stacks | 12/13/2021 | 301.4519 DIJ | SMME-3660 | 12/13/2021 | 12/13/2021 | Book |
